Tietz Textbook of Clinical Chemistry (Record no. 877)

MARC details
000 -LEADER
fixed length control field 00928pam a2200277 a 4500
001 - CONTROL NUMBER
control field 4963438
003 - CONTROL NUMBER IDENTIFIER
control field OSt
005 - DATE AND TIME OF LATEST TRANSACTION
control field 20191125124553.0
008 - FIXED-LENGTH DATA ELEMENTS--GENERAL INFORMATION
fixed length control field 970808s1999 paua b 001 0 eng c
010 ## - LIBRARY OF CONGRESS CONTROL NUMBER
LC control number 97031212
020 ## - INTERNATIONAL STANDARD BOOK NUMBER
International Standard Book Number 0721656102
040 ## - CATALOGING SOURCE
Original cataloging agency DNLM/DLC
Transcribing agency DLC
Modifying agency DLC
050 00 - LIBRARY OF CONGRESS CALL NUMBER
Classification number RB40
Item number .T44 1999
060 10 - NATIONAL LIBRARY OF MEDICINE CALL NUMBER
Classification number QY 90 T5642 1999
082 00 - DEWEY DECIMAL CLASSIFICATION NUMBER
Classification number QY90 T5642 1999
Edition number 21
100 ## - MAIN ENTRY--PERSONAL NAME
Personal name Edited by Carl, A. Burtis; Edward, R. Ashwood.
9 (RLIN) 13071
245 00 - TITLE STATEMENT
Title Tietz Textbook of Clinical Chemistry
250 ## - EDITION STATEMENT
Edition statement 3rd ed.
260 ## - PUBLICATION, DISTRIBUTION, ETC. (IMPRINT)
Place of publication, distribution, etc. Philadelphia :
Name of publisher, distributor, etc. W.B. Saunders,
Date of publication, distribution, etc. c1999.
300 ## - PHYSICAL DESCRIPTION
Extent xxxvii, 1917 p. :
Other physical details ill. ;
Dimensions 29 cm.
504 ## - BIBLIOGRAPHY, ETC. NOTE
Bibliography, etc Includes bibliographical references and index.
650 #0 - SUBJECT ADDED ENTRY--TOPICAL TERM
Topical term or geographic name as entry element Clinical chemistry.
9 (RLIN) 428
906 ## - LOCAL DATA ELEMENT F, LDF (RLIN)
a 7
b cbc
c orignew
d 1
e ocip
f 19
g y-gencatlg
942 ## - ADDED ENTRY ELEMENTS (KOHA)
Source of classification or shelving scheme Other/Generic Classification Scheme
Koha item type Short Loan
Holdings
Withdrawn status Lost status Source of classification or shelving scheme Damaged status Not for loan Home library Current library Date acquired Source of acquisition Inventory number Total Checkouts Full call number Barcode Date last seen Koha item type
    Other/Generic Classification Scheme     MUST Main Library MUST Main Library 13/01/2015 Purchase 03/19167   QY90 T5642 1999 2015-0064 13/01/2015 Short Loan
    Other/Generic Classification Scheme     MUST Main Library MUST Main Library 13/01/2015 Purchase 03/19125   QY90 T5642 1999 2015-0065 13/01/2015 Short Loan